| 000 | 00883nam a2200301 i 4500 | ||
|---|---|---|---|
| 001 | bg | ||
| 100 | 1 | _aHALABI, Sam | |
| 245 | 1 | 0 |
_aInternet routing architectures : _b[the definitive BGP resource] / _cSam Halabi with Danny McPherson. |
| 250 | _a2nd ed. | ||
| 260 |
_aWest, Indianapolis : _bCisco Press, _c2001. |
||
| 300 |
_aXXI, 498 s. : _bil. ; _c25 cm. |
||
| 490 | 1 | _aCisco Systems | |
| 504 | _aIndeks. | ||
| 650 | 9 | _aInternet | |
| 650 | 9 | _aRuter | |
| 650 | 9 | _aSieć komputerowa | |
| 655 | _aPodręczniki | ||
| 700 | 1 | _aMcPHERSON, Danny | |
| 830 | _aCisco Systems | ||
| 020 | _a157870233X | ||
| 040 | _cBPK | ||
| 041 | 0 | _aeng | |
| 080 | _a004.71/.73:004.77](07) | ||
| 920 | _a1-57870-233-X | ||
| 942 | _cKS | ||
| 008 | s pl f |000 0 pol | ||
| 999 |
_c42758 _d42758 |
||
| 856 |
_uhttp://koha.tu.koszalin.pl/cgi-bin/koha/opac-detail.pl?biblionumber=42758 _yKatalog online BPK |
||